[Event "USA-ch U20 Girls"]
[Site "Saint Louis"]
[Date "2022.07.08"]
[Round "2"]
[White "Prasanna, Gracy"]
[Black "Yan, Rui Yang"]
[Result "1/2-1/2"]
[WhiteElo "1956"]
[BlackElo "2248"]
[PlyCount "102"]
[EventDate "2022.07.07"]
[EventType "tourn"]
[EventRounds "9"]
[EventCountry "USA"]
[SourceTitle "CBM 209 Extra"]
[Source "ChessBase"]
[SourceDate "2022.09.30"]
[SourceVersion "1"]
[SourceVersionDate "2022.09.30"]
[SourceQuality "1"]

1. e4 c5 2. c3 Nf6 3. e5 Nd5 4. d4 cxd4 5. cxd4 d6 6. Nf3 e6 7. Nc3 Nxc3 8. bxc3 Qc7 9. Bd2 Nd7 10. exd6 Bxd6 11. Bd3 0-0 12. 0-0 b6 13. Qe2 Bb7 14. h3 Rac8 15. Rac1 h6 16. Rfe1 Rfe8 17. Ne5 Nxe5 18. dxe5 Bf8 19. Be4 Bxe4 20. Qxe4 Red8 21. Be3 Ba3 22. Rc2 Qc4 23. Qxc4 Rxc4 24. Rd2 Rxd2 25. Bxd2 Rc5 26. Re2 Rb5 27. Kf1 Rb1+ 28. Be1 Kf8 29. f4 Ke8 30. Rc2 Bc1 31. g3 h5 32. h4 Kd7 33. Ke2 Kc6 34. Bf2 Ba3 35. Rd2 Be7 36. Be3 a5 37. Kd3 a4 38. Kc2 Ra1 39. Kb2 Rf1 40. Bf2 b5 41. Kc2 Rh1 42. Ba7 Rh3 43. Rd3 Bc5 44. Bxc5 Kxc5 45. Rd7 Rxg3 46. Rxf7 Rg2+ 47. Kd3 Rxa2 48. Rxg7 Rh2 49. Rc7+ Kd5 50. Rd7+ Kc5 51. Rc7+ Kd5 1/2-1/2